| 000 | 00411nam a2200169Ia 4500 | ||
|---|---|---|---|
| 003 | 0STCL | ||
| 008 | 150530s9999 xx 000 0 und d | ||
| 040 |
_aSTCL _cSTCL |
||
| 100 | _aIyengar Srikanth B,;Leuschke graham J, and others | ||
| 245 | _aTwenty four hours of local Cohomology | ||
| 260 | _c2007 | ||
| 300 | _a0 | ||
| 546 | _aEnglish | ||
| 942 |
_2ddc _cBK |
||
| 999 |
_c22423 _d22423 |
||
| 005 | 20220125165938.0 | ||